Bezadresný mailing

Využívanie bezadresného mailingu, tj. distribúcie propagačných materiálov do schránok obyvateľov ako forma komunikácie veľkých spoločností so zákazníkom. Dva rôzne príklady prípravy bezadresného mailingu.

Guardado en:
Detalles Bibliográficos
Autor principal: Boris, Daniel
Formato: Capítulo de libro
Lenguaje:eslovaco
Materias:
Etiquetas: Agregar Etiqueta
Sin Etiquetas, Sea el primero en etiquetar este registro!

MARC

LEADER 00000naa a2200000 4500
001 r036496
005 20230929100245.4
041 0 |a slo 
044 |a SK 
245 1 0 |a Bezadresný mailing  |c Daniel Boris 
520 |a Využívanie bezadresného mailingu, tj. distribúcie propagačných materiálov do schránok obyvateľov ako forma komunikácie veľkých spoločností so zákazníkom. Dva rôzne príklady prípravy bezadresného mailingu. 
610 2 0 |a marketing priamy 
610 2 0 |a komunikácia marketingová 
610 2 0 |a mailing 
610 2 0 |a distribúcia 
610 2 0 |a podpora predaja 
610 2 0 |a propagácia 
100 1 |a Boris, Daniel